Quizzes
Events
Quiz Creation
Community
Videos
Private Events
Remove Ads
Sign In
Join for FREE
Feedback
Dark Mode
Quiz Categories
Sports
Geography
Music
Movies
Television
Just For Fun
Miscellaneous
History
Literature
Language
Science
Gaming
Entertainment
Religion
Holiday
For Kids
Quiz Lab
Recent
Popular Today
Quiz Kudos Today
Editor Picks
Curator Picks
Quizzes by...
Day
Popularity
Type
Ratings
Length
Year
Community
Subscriptions
Recent Discussions
Orange Saloon
Badges
Playlists
Quests
Create
Leaderboards
Showdown
Live 5
Trivia Bingo
Activity
Puzzle Library
Sporcle Events
Private Events
Virtual Trivia
Globe League
Become a Host
Pub Owners
SporcleCon
Opinionation
Our Games
Videos
Blog
Mobile Apps
Partnerships
Remove Ads and Go Orange
Feedback
Sports
Athletes
MLB
NBA
NHL
NFL
Soccer
Sports Teams
WWE
NCAA
Football
Premier League
Basketball
Baseball
Hockey
Golf
Tennis
Cricket
Rugby
Auto Racing
Olympics
World Cup
Sports
Athletes
MLB
NBA
NHL
NFL
Soccer
Sports Teams
WWE
NCAA
Football
Premier League
Basketball
Baseball
Hockey
Golf
Tennis
Cricket
Rugby
Auto Racing
Olympics
World Cup
Random Quiz
Search Sporcle
×
Quiz Lab
Quiz Lab
Sports
Type in answers that appear in a list
Type in answers that appear in a list
Classic
Best Score? Go Orange.
Madden NFL 11 Best Players Stats
Can you name the 5 highest rated players at each position in Madden NFL 11?
By
kraffcook
12m
105 Questions
4,520 Plays
4,520 Plays
4,520 Plays
Comments
Comments
Give Quiz Kudos
Give Quiz Kudos
-
- Ratings
hide this ad
Replay
Link that replays current quiz
Next Quiz
Link to next quiz in quiz playlist
You Got
0%
They Got
Avg Score
26%
Avg Friend Score
Upgrade to see
Score Distribution
Jump to the score distribution portion of the page
Score
0/105
Timer
12:00
0
Plays Today
Position
Player
% Correct
Quarterback
Peyton Manning
96.4%
Quarterback
Tom Brady
95.5%
Quarterback
Drew Brees
95.2%
Runningback
Chris Johnson
88.5%
Wide Receivers
Andre Johnson
87.8%
Runningback
Adrian Peterson
83.5%
Quarterback
Aaron Rodgers
77.1%
Quarterback
Philip Rivers
66.6%
Tight End
Tony Gonzalez
63.8%
Punter
Donnie Jones
63.6%
Tight End
Antonio Gates
58.4%
Wide Receivers
Larry Fitzgerald
56.4%
Wide Receivers
Randy Moss
55.2%
Middle Linebacker
Ray Lewis
53.8%
Runningback
Steven Jackson
51.6%
Cornerback
Darrelle Revis
51.3%
Free Safety
Ed Reed
49.9%
Left End
Aaron Smith
49.9%
Left Outside Linbacker
Daryl Smith
49.9%
Right Guard
Brandon Moore and Bobbie Williams
47.6%
Right End
Mario Williams
47.2%
Defensive Tackle
Kevin Williams
47.2%
Left Tackle
Joe Thomas
44.8%
Tight End
Jason Witten
43.6%
Runningback
Maurice Jones-Drew
43.3%
Middle Linebacker
Patrick Willis
41.2%
Strong Safety
Troy Polamalu
40.1%
Wide Receivers
Reggie Wayne
39.3%
Runningback
Frank Gore
38.1%
Right End
Jared Allen
35.9%
Tight End
Vernon Davis
34.9%
Left Outside Linbacker
Thomas Davis
34.6%
Right Guard
Leonard Davis
34.6%
Tight End
Dallas Clark
32.4%
Cornerback
Champ Bailey
32.4%
Position
Player
% Correct
Middle Linebacker
David Harris
29.9%
Right Outside Linebacker
James Harrison
29.6%
Right Outside Linebacker
DeMarcus Ware
29.1%
Right End
Julius Peppers
28.9%
Wide Receivers
Brandon Marshall
28.3%
Center
Nick Mangold
27.8%
Right End
Dwight Freeney
25.6%
Cornerback
Charles Woodson
24.5%
Left Tackle
Jake Long
24.2%
Right Outside Linebacker
Terrell Suggs
22.5%
Cornerback
Nnamdi Asomugha
22.5%
Left Guard
Steve Hutchinson
21.5%
Center
Jeff Saturday
21.4%
Punter
Shane Lechler
21.2%
Left Guard
Carl Nicks, Eric Steinbach, and Alan Faneca
20.9%
Left End
Justin Tuck
19.6%
Left End
Robert Mathis
19.5%
Fullback
Tony Richardson
19.5%
Strong Safety
Bob Sanders
18%
Cornerback
Asante Samuel
17%
Defensive Tackle
Vince Wilfork
16.5%
Right Outside Linebacker
Lance Briggs
16.5%
Strong Safety
Adrian Wilson
15.5%
Middle Linebacker
Jon Beason
15%
Right Guard
Jahri Evans
14.7%
Kicker
Stephen Gostkowski
14.1%
Fullback
Le'Ron McClain
13.7%
Right Outside Linebacker
Elvis Dumervil
13.4%
Free Safety
Darren Sharper
13.3%
Left Tackle
Ryan Clady
13.3%
Right Guard
Chris Snee
12.5%
Punter
Andy Lee
12.1%
Kicker
Robbie Gould
11.9%
Left Outside Linbacker
LaMarr Woodley
11.8%
Left Guard
Logan Mankins
11.4%
Position
Player
% Correct
Right End
Trent Cole
9.9%
Defensive Tackle
Kris Jenkins
9.8%
Fullback
Leonard Weaver
9.8%
Center
Shaun O'Hara
9.8%
Kicker
Nate Kaeding
9.4%
Left End
Richard Seymour
9%
Right Tackle
David Stewart
8.9%
Defensive Tackle
Shaun Rogers
8.1%
Middle Linebacker
Barret Ruud and London Fletcher
8%
Left Outside Linbacker
Brian Cushing
7.7%
Center
Matt Birk
7.7%
Kicker
Ryan Longwell
7.3%
Left Tackle
Jordan Gross
7%
Left Tackle
Michael Roos
6.8%
Free Safety
Nick Collins
6.7%
Strong Safety
LaRon Landry
6.6%
Right Guard
Davin Joseph
6.4%
Kicker
Rob Bironas
6.3%
Left Outside Linbacker
Shaun Phillips
5.3%
Center
Andre Gurode
5.1%
Free Safety
Antoine Bethea
5.1%
Left Guard
Ben Grubbs
5.1%
Fullback
Lawrence Vickers
5%
Defensive Tackle
Jay Ratliff
5%
Fullback
Lousaka Polite
4.3%
Right Tackle
Damien Woody
4.3%
Strong Safety
Brandon Meriweather
3.7%
Right Tackle
Jeff Otah
3.1%
Right Tackle
Jared Gaither and Vernon Carey
2.9%
Free Safety
OJ Atogwe
2.8%
Punter
Mike Scifres
2.6%
Right Tackle
Jon Stinchcomb
2.5%
Punter
Mat McBriar
2.1%
Left End
Luis Castillo
1.9%
Left Guard
Kris Dielman
1.8%
Quiz Playlist
Details
Report
Send in Message
Add To Playlist
Classic:
Type in answers that appear in a list
Quiz Source
Last Updated: Feb 16, 2017
Quiz Scoreboard
CHALLENGE
Sign Up to Join the Scoreboard
Show All
Scores
Hide
Comments
May contain spoilers
Recently Published
Presidents Visiting Landmarks
by Hejman
History
7m
An Introduction to Baseball
by treessimontrees
Sports
5m
Movies - When Are They Set?
by FPL_Elf
Movies
5m
More to Explore
Quiz From the Vault
Featured Blog Post
Where Did the Easter Bunny Come From?
hide this ad
You Might Also Like...
Tags
This quiz does not have any tags.
Today's Top Quizzes in Sports
Browse Sports
hide this ad
Top Contributed Quizzes in Sports
1
Les meilleurs buteurs des matchs entre le PSG et l’OM
2
2022 World Cup Stars
3
FIFA Club World Cup Champions
4
Les entraîneurs de l'OM et du PSG au 21e siècle
5
Name the Premier League winners with different clubs
6
La finale Lions - Afrique du Sud 2021
7
England Test cricketers to play under Nasser Hussain
8
5-to-1: UK Sports Teams
9
Les joueurs passés par le LOSC et le RC Lens
10
Criteria MLB: Left Handed Sluggers
Explore More
Trending Topics
NBA
Anime
Marvel
Crossword
Harry Potter
Kpop
Disney
Country
Song
WWE
Pokémon
Puzzle
NFL
Soccer
The Office
hide this ad
More By:
kraffcook
Quiz
Plays
Rating
Category
Featured
Created
NFL Rookie Quarterbacks
138,166
4.39
Sports
Oct 5, 2010
Before and After: US Sports
114,860
3.75
Sports
Dec 8, 2009
NFL Receiving TDs (2009)
114,139
4.13
Sports
Jan 14, 2010
NFL 2000s All-Decade Team
19,769
3.76
Sports
Nov 19, 2009
2000s NFL Leaders
14,699
4.17
Sports
Mar 12, 2010
Go to Creator's Profile
Score Distribution
Quiz Creator Spotlight
kraffcook
Follow
Send a Message
Quizzes Created
-
Created Quiz Play Count
-
More By This Creator
Popular Quizzes Today
1
Find the US States - No Outlines Minefield
2
Find the Countries of Europe - No Outlines Minefield
3
The Countries of the World
4
Find the US States
5
Popular People in 1961
6
US States
7
Risky Map Clicking: Biggest States A-Z
8
1-10 Letter E Words III
More Sports Quizzes
1994 NBA Draft - 1st Round
Quiz Lab
Trending Quizzes
Risky Map Clicking: Least Populous States A-Z
1-10 Letter G Words
1-10 Letter F Words
One Thing in Common: United Kingdom
Risky Map Clicking: Next State Alphabetically
Recently Updated
Leaping Animals
pecheneg
Reality TV Shows (A-Z)
bhenderson79
Rickey Henderson's Hall of Fame Teammates
pecheneg
Champions League XIs: Arsenal
pecheneg
Quick Pick: Celebrities in WWE's Hall of Fame
aduchscher
A-Z Keypad Blitz II
pecheneg
Multiple Oscar Actors
pecheneg
Mystery Phrase Blitz: Oscar 'Best Actors'
pecheneg
F. Scott Fitzgerald Novels
LTH
Pick 3 Villains
ddd62291
Trending Topics
Crossword
Harry Potter
Anime
Marvel
Kpop
Disney
NBA
Country
Puzzle
Song
The Office
NFL
WWE
Pokémon
Soccer
Your Account Isn't Verified!
In order to create a playlist on Sporcle, you need to verify the email address you used during registration. Go to your
Sporcle Settings
to finish the process.
Report this User
Report this user for behavior that violates our
Community Guidelines
.
Details:
Send Report
Go to the Sporcle.com Mobile Site →
Comments